The impact of micro-electronics : a tentative appraisal of information technology /

Bibliographic Details
Main Author: Rada, J.
Format: Book
Language:English
Published: Geneva : International Labour Office, 1980
Series:WEP study.
Subjects:

MARC

Tag First Indicator Second Indicator Subfields
LEADER 00000cam a22000005a 4500
001 in00000073111
005 20151008060044.0
008 810202s1980 sz b i00010 eng d
020 |a 9221023834 
020 |a 9221023788 (pbk.) 
035 |a (OCoLC)07097554 
035 |9 AAJ5050AM 
040 |a GSU  |c GSU  |d TXA  |d UtOrBLW 
049 |a TXAM  |c [1633048] 
090 |a TK7874  |b .R33 1981 
100 1 |a Rada, J. 
245 1 4 |a The impact of micro-electronics :  |b a tentative appraisal of information technology /  |c J. Rada. 
264 1 |a Geneva :  |b International Labour Office,  |c 1980 
264 3 |c 1981 printing 
300 |a viii, 109 pages ;  |c 25 cm. 
336 |a text  |b txt  |2 rdacontent 
337 |a unmediated  |b n  |2 rdamedia 
338 |a volume  |b nc  |2 rdacarrier 
490 1 |a A WEP study 
504 |a Includes bibliographical references. 
650 0 |a Microelectronics. 
830 0 |a WEP study. 
999 |a MARS 
999 f f |s 069f0e62-8bdf-35cd-ae08-25b5570ac49c  |i ea819ba7-8eab-30d9-ad0b-351b18c9bae6  |t 0 
952 f f |p ric  |a Texas A&M University  |b Rellis Campus  |c Joint Library Facility  |d Remote Storage  |t 0  |e TK7874 .R33 1981  |h Library of Congress classification  |i unmediated -- volume  |m A14806252327 
998 f f |a TK7874 .R33 1981  |t 0  |l Remote Storage